01331nmc a2200349 a 4500003000900000005001700009008004100026040001300067100002000080245009400100260003400194300003700228490003100265500012100296500009300417504016800510650002200678650001400700650002500714650002100739650001200760650001300772650002100785650002200806650001500828650002600843650002300869650002800892650002000920651001200940800002900952AR-BaBNM20251128204536.0245019s1974 ||||||||||||||000 | spa|| cAR-BaBNM1 aLedrut, Raymond10aEl espacio social de la ciudadbproblemas de sociología aplicada al ordenamiento urbano aBuenos AiresbAmorrortuc19740 a276 p.bcuadros, gráfs., mapas 0aBiblioteca de sociología1 aPrólogo: coloquio de la Asociación Internacional de Sociólogos de Lengua Francesa Neuchâtel, octubre de 19680 aUltimas publicaciones y documentos referentes a Toulouse utilizados por el autor: p. 273 aBibliografía y fuentes con publicaciones de carácter general, publicaciones que tratan específicamente la organización del espacio social urbano: p.270-273 4aSOCIOLOGIA URBANA 4aURBANISMO 4aPLANIFICACION URBANA 4aEXPANSION URBANA 4aBARRIOS 4aCIUDADES 4aPOBLACION URBANA 4aDESARROLLO URBANO 4aTRANSPORTE 4aESTADISTICAS SOCIALES 4aENCUESTAS SOCIALES 4aSOCIEDADES INDUSTRIALES 4aCALIDAD DE VIDA 4aFrancia1 aRigal, Luis A.edirector